000 01493njm a22003617a 4500
005 20100917135459.0
007 sd ammalaaahaa
008 100904t xxu||||| |||| 00| 0 hin d
028 _aS/BRALP.1001
_bव्रजवासी कार्डस
028 _a2YJE.1187
_bव्रजवासी कार्डस
028 _a2YJE.1188
_bव्रजवासी कार्डस
035 _aGR-03098
040 _aSED/VEN
100 _91184
_aबाबूलाल
245 _aगीत-1; मोरिया आच्छो बाल्यो रे (भाग-1)
_bमारवाड़ी गीत /
_cबाबूलाल
_h[Sound Recording] :
246 _aMoria Aachio Balyo Re (Babulal)
250 _aP-1979
260 _aDum Dum, India
_bव्रजवासी कार्डस
300 _a1 sound disc [Gramophone Recording] :
_banalog, 33 1/3 rpm ;
_c12 in. [LP]
_fGramophone Records
500 _aBrief Records
500 _aRecord Labels: व्रजवासी कार्डस, पीला
505 _aम्हाने भंवर सा परि खिंदादो (भाग-2)
600 _920259
_aबाबूलाल
610 _920322
650 _aClassical Music
_xExcerpts
_zIndia
_918309
700 _918319
700 _918320
700 _920323
700 _920456
700 _920457
942 _2ddc
_cGR
999 _c46454
_d46454